000 00347nam a22001457a 4500
005 20200527110752.0
008 200527b xxu||||| |||| 00| 0 eng d
041 _aeng
082 _a340
100 _aBARE ACT
_95744
245 _aTHE BANKING REGULATION ACT,1949
260 _aDELHI
_bPROFESSIONAL BOOK PUBLISHERS
300 _a238;p
942 _cBK
999 _c6538
_d6536